00663naa a22001457i 4500003000900000005001700009008004100026035001700067040002400084041000800108100012500116245011700241260001000358773014900368KOSZ 00520180417135633.0160308s2004 ||||| ||||0|| 0 pol  aPBN-R:252326 cKOSZ 005/mdaPBN-ID0 apol aBARANOWSKA, Katarzyna.bPolitechnika Koszalińska - Instytut Ekonomii i Zarządzania,cZakład Zarządzaniad2002 - .10aZmiana organizacyjna jako czynnik wspomagający konkurencyjność przedsiębiorstwa /cKatarzyna Baranowska. c2004.08iW:tWspółczesne problemy zarządzania organizacjami gospodarczymi. -dŁódź : Wydawnictwo Politechniki Łódzkiej, 2004. -gs. 458-463.